<?xml version="1.0" encoding="UTF-8"?>
<marc:record xmlns:marc="http://www.loc.gov/MARC21/slim">
   <marc:leader>00000nam a2200000 a 4500</marc:leader>
   <marc:datafield ind1="1" ind2=" " tag="100">
      <marc:subfield code="a">Holzwarth, Werner</marc:subfield>
      <marc:subfield code="4">aut</marc:subfield>
      <marc:subfield code="e">Verfasser/-in</marc:subfield>
   </marc:datafield>
   <marc:datafield ind1="0" ind2="0" tag="245">
      <marc:subfield code="a">Sag mal DANKE, du Frosch!</marc:subfield>
   </marc:datafield>
   <marc:datafield ind1=" " ind2="1" tag="264">
      <marc:subfield code="b">Gabriel</marc:subfield>
      <marc:subfield code="c">2017</marc:subfield>
   </marc:datafield>
   <marc:datafield ind1="1" ind2=" " tag="520">
      <marc:subfield code="a">Alle sagen "Danke". Alle außer Frosch. Der sagt keinen Pieps. Nicht mal, wenn er eine leckere Schnake geschenkt bekommt. Aber das geht doch nicht. Oder?  Eine schlaue Geschichte über den Sinn und Unsinn von Benimmregeln, augenzwinkernd und warmherzig erzählt und gemalt.</marc:subfield>
   </marc:datafield>
   <marc:datafield ind1=" " ind2=" " tag="020">
      <marc:subfield code="a">9783522458412</marc:subfield>
      <marc:subfield code="9">9783522458412</marc:subfield>
   </marc:datafield>
</marc:record>
